00497nam a2200157Ia 450000500170000000800410001708200130005810000170007124500340008826000400012230000120016250000450017494200060021995200990022599900150032420250311085647.0240331s9999 xx 000 0 und d bWIJa894 aWijendran, C 0aAasu kavi kalladi veluppillai aChennaibOliachukkoppu press c1990 a67 p ., aBiography of Aasu kavi Kaladi Velupillai cL 001040708LaWERCLbWERCLcSSCd2024-03-31l0o 894.811 WIJp1592r2024-03-31w2024-03-31yL c3994d3994